01350 2200385 4500001002100000005001500021035002000036007000300056008004100059020002200100082001600122084001800138100002900156245021100185250003400396300003800430650002200468700003200490700003400522700003800556700003400594700003100628700003100659700003600690264003200726336002100758337003000779338002300809040002200832090002200854850001200876504003200888999002200920990002200942INLIS00000000089581320251021104022 a0010-0525000059ta250502s2024 yoi g ind d a978-623-02-9392-404223a659.144 a659.144 MIG p0 aMiguna AstutiePengarang10aPemasaran digital :bkonsep dan strategi /cMiguna Astuti, Rosali Sembiring, Jenji Gunaedi Argo, Naila Azaria Mahardika, Sahla Rizka Illahi, Sandya Arasatya, Melsinta Dapang; penyunting, Agni Rizkita Amanda aCetakan pertama, Oktober 2024 ax, 107 halaman :bgambar ;c23 cm 4aPemasaran digital0 aRosali SembiringePengarang0 aJenji Gunaedi ArgoePengarang0 aNaila Azaria MahardikaePengarang0 aSahla Rizka IllahiePengarang0 aSandya ArasatyaePengarang0 aMelsinta DapangePengarang0 aAgni Rizkita AmandaePenyunting31aSleman :bDeepublish,c2024 2rdacontentateks 2rdamediaatanpa perantara 2rdacarrieravolume aYOPDYOGbinderda aCB-D.11 2024-6405 aYOPDYOG aBibliografi : halaman 84-86 aCB-D.11/2024-6405 aCB-D.11/2024-6405